00585nam a2200193 a 450000100060000000300080000600500170001400800410003103500190007204000270009104100080011808200250012610000200015124500590017126000390023030000260026950400640029565000320035957868BD-RjUL20211209080548.0161212s1968 nyu b 000 0 eng  a(BD-RjUL)57992 aDLCcDLCdBD-RjULbeng aeng00a320.09223bRUH 19681 aRunkle, Gerald.12aA history of Western political theory /cGerald Runkle aNew York :bRonald Press Co.c1968 axii, 668 p. ;c24 cm. aBibliographical references included in "Notes" (p. 587-652) 0aPolitical sciencexHistory.